Napoléon Bourassa: l' homme et l' artiste
Պահպանված է:
| Հիմնական հեղինակ: | |
|---|---|
| Ձևաչափ: | Գիրք |
| Լեզու: | Undetermined |
| Հրապարակվել է: |
Ottawa, Canadá
Éditions de L' Universitá d' Ottawa
1974
|
| Խորագրեր: | |
| Ցուցիչներ: |
Ավելացրեք ցուցիչ
Չկան պիտակներ, Եղեք առաջինը, ով նշում է այս գրառումը!
|
MARC
| LEADER | 00000nam a2200000Ia 4500 | ||
|---|---|---|---|
| 008 | 170316s9999 xx 000 0 und d | ||
| 040 | |a cru BVZT | ||
| 090 | |a 818 L-11n | ||
| 100 | |a Moine, Roger Le | ||
| 245 | |a Napoléon Bourassa: l' homme et l' artiste | ||
| 260 | |a Ottawa, Canadá | ||
| 260 | |b Éditions de L' Universitá d' Ottawa | ||
| 260 | |c 1974 | ||
| 300 | |a 253 páginas | ||
| 650 | |a LITERATURA CANADIENSE | ||
| 999 | |c 6501 |d 6501 | ||
| 942 | |c 15 D |h 818 L-11n |2 z | ||
